| 000 | 00722nam a2200205 a 4500 | ||
|---|---|---|---|
| 001 | 000023558 | ||
| 005 | 20200930022316.0 | ||
| 008 | 101213n1980uuuuag r 000 j spa d | ||
| 040 |
_aDO-SdBNP _bspa _cBNPHU |
||
| 082 |
_a839.316 _bT289a |
||
| 100 | 1 |
_aTen Boom, Corrie, _d1892-1983. _948562 |
|
| 240 | 1 | 0 |
_aAmazing love. _lEspañol. |
| 245 | 1 | 0 |
_aAmor asombroso amor / _cCorrie Ten Boom ; prólogo de Laura H. de Disselkoen, Norman P. Grubb. |
| 260 |
_aBuenos Aires : _bMundo Hispano, _c[198?]. |
||
| 300 |
_a113, [1] p. ; _c18 cm. |
||
| 650 | 4 |
_aNovela holandesa _944182 |
|
| 650 | 4 |
_aLiteratura holandesa _ySIGLO XX _948563 |
|
| 700 | 1 |
_aH. de Disselkoen, Laura _epról. _948564 |
|
| 700 | 1 |
_aGrubb, Norman P. _epról. _948565 |
|
| 999 |
_c23054 _d23054 |
||